| 000 | 01177cam a2200337 a 4500 | ||
|---|---|---|---|
| 001 | 3980437 | ||
| 003 | OSt | ||
| 005 | 20140310182703.0 | ||
| 008 | 950825s1997 nyua 001 0 eng | ||
| 010 | _a 95038760 | ||
| 040 |
_aDLC _cDLC _dDLC |
||
| 050 | 0 | 0 |
_aHF 5691 _b.H236 1997 |
| 082 | 0 | 0 |
_aM 510.212 _27th ed. _bH19 1997 |
| 100 | 1 | _aNoble, Kathleen A. | |
| 245 | 1 | 0 |
_aCollege mathematics with business applications : _cNoble, Kathleen A., Belden, Kim _bHandbook of tables |
| 250 | _a7th ed. | ||
| 260 |
_aWesterville, Ohio : _bGlencoe/McGraw-Hill, _cc1997. |
||
| 300 |
_a48 p. _c28 cm. |
||
| 500 | _aRev. ed. of: Mathematics for business / Kathleen N. Miller. 6th ed. c1988. | ||
| 500 | _aIncludes index. | ||
| 521 | _aCollege Students | ||
| 526 | _c1210L-1700L | ||
| 541 | _j1 | ||
| 562 | _eFor circulation. 1 coy available in the collection | ||
| 650 | 0 | _aBusiness mathematics. | |
| 700 | 1 | _aBelden, Kim. | |
| 700 | 1 |
_aMiller, Kathleen N. _tMathematics for business. |
|
| 906 |
_a7 _bcbc _corignew _d1 _eocip _f19 _gy-gencatlg |
||
| 942 |
_2lcc _cBK _kM |
||
| 999 |
_c15189 _d15189 |
||